[Event "EICC 2017"]
[Site "Minsk"]
[Date "2017.06.08"]
[Round "9"]
[White "Kobo, Ori"]
[Black "Banusz, Tamas"]
[Result "1-0"]
[WhiteElo "2481"]
[BlackElo "2616"]
[Annotator "TA"]
[PlyCount "67"]
[EventDate "2017.??.??"]
[EventCountry "BLR"]
[SourceTitle "playchess.com"]
[Source "ChessBase"]
[SourceQuality "1"]

{[%evp 9,67,42,47,41,62,101,119,122,127,120,125,125,145,156,208,204,193,178,170,165,191,175,179,172,223,244,245,204,309,311,291,292,307,316,302,302,345,368,381,360,362,368,320,355,493,501,505,477,799,661,780,768,758,768,956,938,1430,1402,2656,2615]} 1. e4 c6 2. d4 d5 3. e5 c5 4. dxc5 Nc6 5. f4 (5. Nf3 Bg4 6. c3 e6 7. b4 a6 8. Nbd2 Nxe5 9. Qa4+ Nd7 10. Ne5 Ngf6 11. c4 a5 12. Nb3 axb4 13. Qb5 Be7 {0-1 (53) Topalov,V (2760)-Nakamura,H (2779) London 2016}) 5... Nh6 6. c3 {B12: Caro-Kann: Advance Variation} Nf5 $146 ({Predecessor:} 6... e6 7. Be3 f6 8. exf6 Qxf6 9. Bb5 Nf5 10. Bf2 Qg6 11. Nf3 Qxg2 12. Rg1 Qh3 {1-0 (50) Anton Guijarro,D (2646)-Hawkins,J (2590) Reading 2017}) 7. Bd3 g5 8. Nf3 {White is better.} g4 9. Nfd2 h5 10. Nb3 a5 11. a4 b6 (11... d4 $16) 12. Bb5 $18 Bb7 13. Nd4 Nfxd4 14. Qxd4 (14. cxd4 $6 bxc5 15. dxc5 d4 $14) 14... Qd7 15. Bxc6 (15. cxb6 Nxd4 16. Bxd7+ Kxd7 $11) 15... Qxc6 16. cxb6 Ba6 (16... f5 $142 17. Be3 e6) 17. Be3 Bg7 18. Qc5 Qd7 (18... Qxc5 $142 19. Bxc5 f6) 19. Na3 {[%cal Bb1a3,Ba3c2,Bc2d4][%mdl 32]} (19. Qxa5 $6 O-O $16) 19... Qxa4 {[#]} 20. Nc2 $1 {[%mdl 512]} Qd7 (20... Qxc2 21. Qc6+) 21. Rxa5 O-O {Black hopes to continue with ...Qf5.} 22. Nd4 ({Don't take} 22. Qxd5 $6 Qf5 $16) 22... Rfc8 23. Qa3 ({Weaker is} 23. Qxd5 Qxd5 24. Rxd5 Bc4 $18) 23... Bb7 {[#] Hoping for ...Rxa5.} 24. Ra7 e6 25. Kd2 Bf8 26. Qa5 Rab8 27. h3 {[%cal Bh2h3,Bh3h4][%mdl 32] White is clearly winning.} g3 28. h4 f6 (28... Kh8 $142 29. Rh3 Bc5 30. Rxg3 Qd8) 29. Rh3 fxe5 30. Rxg3+ Kh8 31. fxe5 Qf7 32. Qb5 Be7 33. Qd7 Rg8 34. Rxb7 {Precision: White = 94%, Black = 38%.} 1-0

[Event "EICC 2017"]
[Site "Minsk"]
[Date "2017.06.08"]
[Round "9"]
[White "Paehtz, Elisabeth"]
[Black "Deac, Bogdan-Daniel"]
[Result "0-1"]
[WhiteElo "2481"]
[BlackElo "2572"]
[Annotator "TA"]
[PlyCount "98"]
[EventDate "2017.??.??"]
[EventCountry "BLR"]
[SourceTitle "playchess.com"]
[Source "ChessBase"]
[SourceQuality "1"]

{[%evp 10,98,49,54,62,53,72,77,66,73,85,72,72,80,87,84,81,108,131,125,124,110,101,106,102,90,100,44,53,0,0,-8,0,0,0,0,6,5,8,8,2,-10,-10,-29,-13,-36,-7,-23,0,0,0,-6,0,0,26,46,44,25,175,168,172,130,129,0,0,-9,-7,-17,-20,-38,-8,-136,-108,-243,-223,-199,-211,-466,-459,-990,-966,-945,-950,-1414,-1396,-29986,-29987,-29994,-29995,-29995,-195]} 1. d4 d5 2. c4 e6 3. Nc3 Bb4 4. e3 Ne7 (4... Nf6 5. a3 Bxc3+ 6. bxc3 c6 7. Nf3 b6 8. a4 Ba6 9. Ba3 Bxc4 10. Bxc4 dxc4 11. Ne5 c5 12. dxc5 Qd5 13. Qxd5 exd5 14. c6 Na6 15. O-O {1-0 (61) Potkin,V (2597)-Wojtaszek,R (2749) Tallinn 2016}) 5. Qa4+ Nbc6 6. Nf3 {LiveBook: 4 Games. D31: Queen's Gambit Declined: Semi-Slav without ...Nf6 (+ Marshall Gambit and Noteboom) and Exchange Variation lines without ...Nf6} Bd7 7. Qc2 Nf5 $146 ({Predecessor:} 7... dxc4 8. Bxc4 O-O 9. O-O Bxc3 10. bxc3 Re8 11. Rb1 b6 12. e4 Na5 {1-0 (49) Vrsek,I (2218)-Gujic,L (2010) Velika Gorica 2010}) 8. Bd2 {White is better.} Nce7 9. c5 c6 10. g4 Nh6 11. Rg1 Ng6 12. Be2 e5 13. Nxe5 Nxe5 14. dxe5 Qe7 15. a3 Ba5 16. O-O-O Qxe5 17. Qa4 Bc7 18. f4 (18. Kb1 $16) 18... Qe7 $1 $14 19. e4 ({White should try} 19. Qb4 $14) 19... Qxc5 $11 20. exd5 cxd5 21. Bb5 Bxb5 22. Qxb5+ Qxb5 23. Nxb5 Bb6 24. Rge1+ Kd7 $1 $132 {[%cal Rd7c6][%mdl 2048] Black has counterplay} 25. h3 Kc6 26. a4 Rhe8 (26... a6 $5 {[%cal Ra6b5]} 27. Na3 Rhe8 $15) 27. Bc3 (27. Kb1 $5 {[%cal Rd1c1]}) 27... f6 28. Bd4 a6 29. Bxb6 {[#] Black must now prevent Nc7.} axb5 30. a5 Nf7 31. Kb1 Kd6 32. Rf1 Re4 33. Rf3 d4 (33... b4 $11 {and Black stays safe.}) 34. Bxd4 $18 Ke6 35. Bb6 Rc8 36. Rfd3 (36. Ka2 $16) 36... Rxf4 $11 37. Rb3 b4 38. Rbd3 Ne5 39. Rd6+ Ke7 40. Ka2 (40. R6d5 $11 {keeps the balance.}) 40... Rf3 $17 41. Bd8+ (41. R6d5 $17 {was worth a try.}) 41... Ke8 42. Re6+ Kf8 {Strongly threatening ...b3+.} 43. g5 $2 {[#]} (43. Rb6 Nc6 44. a6 bxa6 45. Rc1) 43... b3+ $19 {[%cal Bb4b3,Bb3b2][%mdl 32]} 44. Ka3 (44. Kb1 $142 Rd3 45. Rd6 Rxd6 46. Rxd6) 44... Nc4+ 45. Kb4 Nxb2 46. Rd7 Nd3+ 47. Ka3 b2 {Black mates.} 48. Ka2 Nb4+ 49. Kb1 Rc1+ {Precision: White = 42%, Black = 59%.} 0-1

[Event "EICC 2017"]
[Site "Minsk"]
[Date "2017.06.08"]
[Round "9"]
[White "Ali Marandi, Cemil Can"]
[Black "Bogdanovich, Stanislav"]
[Result "1-0"]
[WhiteElo "2479"]
[BlackElo "2596"]
[Annotator "TA"]
[PlyCount "59"]
[EventDate "2017.??.??"]
[EventCountry "BLR"]
[SourceTitle "playchess.com"]
[Source "ChessBase"]
[SourceQuality "1"]

{[%evp 9,59,11,8,0,-9,0,0,0,0,0,0,0,0,0,0,0,0,0,0,0,0,-61,-39,-56,-64,-57,-28,-47,-66,-59,-37,-44,0,0,0,0,53,44,130,50,42,22,21,41,59,3,70,-18,43,-66,29994,29995]} 1. e4 e6 2. d4 d5 3. Bd3 Nc6 4. Ne2 (4. Nf3 Nb4 5. O-O Nxd3 6. cxd3 Nf6 7. Nc3 Be7 8. Bf4 O-O 9. Rc1 c6 10. Re1 b6 11. Qb3 Bb7 12. exd5 exd5 {1-0 (34) Onischuk,V (2614)-Firman,N (2519) Lutsk 2016}) 4... Nb4 5. O-O Nxd3 6. Qxd3 $146 {C01: French: Exchange Variation} ({Predecessor:} 6. cxd3 b6 7. Nbc3 Bb7 8. Bf4 c6 9. Rc1 g6 10. Be5 f6 11. Bg3 Bg7 {1-0 (72) Jancovic,P (2143)-Orgon,D (2108) Slovakia 2009}) 6... dxe4 7. Qxe4 Nf6 8. Qf3 {The position is equal.} Be7 9. Nbc3 O-O 10. Re1 Rb8 11. Bf4 b6 12. Be5 Bb7 13. Qg3 Nh5 14. Qh3 g6 15. Ng3 (15. a3 $11) 15... Ng7 16. Bxg7 Kxg7 17. Rad1 b5 18. a3 a5 19. Nce4 Qd5 20. Nc3 Qc4 21. b3 $36 {[%mdl 2048] Black is under pressure.} Qc6 ({Don't blunder} 21... Qxc3 $2 22. Nh5+ $1 {[%mdl 512]} gxh5 23. Qxc3 $18) 22. d5 $1 Qe8 ({Wrong is} 22... Qxc3 $2 {[#]} 23. Nh5+ $1 {[%mdl 512]} gxh5 24. Qxc3+ $18) (22... Qb6 $11) 23. dxe6 $14 {Hoping for Rd7.} fxe6 ({Black should play} 23... Kh8 $14) 24. Qxe6 (24. Rxe6 $16 Kh8 25. Rde1) 24... Bc5 $1 25. Qd7+ Qxd7 26. Rxd7+ Kh8 27. Nce4 ({Better is} 27. Nge4 $14 Bxa3 28. Ng5 (28. Rxc7 Bxe4 29. Nxe4 Rbc8 $16)) 27... Rbe8 ({Black should try} 27... Bb6 $11) 28. Kf1 (28. Re2 $14 Bxa3 29. Rxc7) 28... Bb6 (28... Bxa3 $11 29. Rxc7 Re7 30. Rxe7 Bxe7) 29. Re2 (29. f3 $14) 29... b4 $2 {[%mdl 8192] [#]} (29... Bc6 $15 30. Rd1 h5) 30. Nf6 $1 {[%mdl 512] Precision: White = 41%, Black = 36%.} 1-0

[Event "EICC 2017"]
[Site "Minsk"]
[Date "2017.06.08"]
[Round "9"]
[White "Meskovs, Nikita"]
[Black "Gledura, Benjamin"]
[Result "0-1"]
[WhiteElo "2479"]
[BlackElo "2602"]
[Annotator "TA"]
[PlyCount "72"]
[EventDate "2017.??.??"]
[EventCountry "BLR"]
[SourceTitle "playchess.com"]
[Source "ChessBase"]
[SourceQuality "1"]

{[%evp 20,72,52,52,61,36,45,58,52,38,41,41,44,22,89,102,85,60,75,75,112,20,22,19,19,0,0,0,0,0,0,-61,-66,-61,-65,-70,-65,-66,-62,-39,-52,-59,-56,-277,-277,-268,-266,-272,-266,-414,-405,-523,-510,-503,-486]} 1. c4 g6 2. d4 d6 3. Nc3 Nd7 4. e4 e5 5. Nf3 Ngf6 6. Be3 Bg7 7. Be2 O-O 8. O-O Qe7 9. d5 Ng4 {E94: King's Indian: Classical: 6 Be2 e5 7 0-0: Various Black 7th moves} 10. Bg5 f6 11. Bh4 {LiveBook: 8 Games} h5 {White is slightly better.} 12. Ne1 Nh6 {Black wants to play ...g5.} 13. f3 g5 14. Bf2 f5 {[#]} 15. exf5 $146 ({Predecessor:} 15. Nd3 Nf6 16. c5 fxe4 17. Nxe4 Nxe4 18. fxe4 {1-0 (41) Popov,V (2582)-Nureev,G (2380) Moscow 1999}) 15... Nxf5 16. Ne4 c5 (16... Nf6 $11) 17. dxc6 $16 bxc6 18. Qd2 Nd4 19. Bd3 Nc5 {[#]} 20. Qxg5 (20. Bxd4 $1 $16 exd4 21. Qxg5 Qxg5 22. Nxg5) 20... Qxg5 $11 21. Nxg5 Rb8 22. Ne4 (22. Bxd4 $5 exd4 23. b3 $14) 22... Rxb2 23. Nxc5 dxc5 24. Be4 Rb4 25. Bxd4 (25. Nd3 $11 Rxc4 26. Nb2) 25... exd4 $15 ({Much worse is} 25... cxd4 26. Bxc6 Bf5 27. Bd5+ Kh8 28. g4 $11) 26. Nd3 Rxc4 27. Rfc1 Rc3 $1 $36 {[%mdl 2048] Black is more active.} 28. Nxc5 Bh6 29. Rxc3 dxc3 30. Kf2 Rd8 {White must now prevent ...Rd2+.} 31. Rb1 $2 {[#]} (31. Re1 $1 $15) 31... c2 $1 $19 {[%mdl 512]} 32. Bxc2 Rd2+ 33. Kg3 Rxc2 34. Ne4 (34. Rb8 {was the only defense.} Rxc5 35. Rxc8+ Bf8 36. a3) 34... Bg7 35. f4 {Threatening Rb8.} Bf5 36. Rb8+ Kf7 {Precision: White = 47%, Black = 74%.} 0-1

[Event "EICC 2017"]
[Site "Minsk"]
[Date "2017.06.08"]
[Round "9"]
[White "Diermair, Andreas"]
[Black "Ter-Sahakyan, Samvel"]
[Result "0-1"]
[WhiteElo "2474"]
[BlackElo "2598"]
[Annotator "TA"]
[PlyCount "114"]
[EventDate "2017.??.??"]
[EventCountry "BLR"]
[SourceTitle "playchess.com"]
[Source "ChessBase"]
[SourceQuality "1"]

{[%evp 16,114,13,28,25,0,0,0,50,46,56,45,72,72,81,77,73,90,93,87,155,148,137,138,131,59,51,54,51,54,53,67,11,-35,0,0,31,0,0,-94,-52,-27,-16,-11,-23,-26,-26,-28,-24,-20,-29,-36,0,-28,-27,-170,-172,-179,-171,-150,-173,-286,-307,-285,-292,-699,-695,-746,-241,-752,-730,-749,-735,-742,-725,-728,-702,-809,-682,-797,-795,-873,-845,-1054,-1269,-1243,-1252,-1217,-1208,-1177,-1151,-1980,-1941,-1860,-1861,-6026,-5922,-6486,-5968,-29982,-29982]} 1. e4 c5 2. Nf3 d6 3. Bb5+ {[%cal Bf1b5,Bb5a4,Ba4c2][%mdl 32]} Nd7 4. c3 Ngf6 5. Qe2 a6 6. Ba4 b5 7. Bc2 Bb7 {B51: Sicilian: Moscow Variation (3 Bb5+) without 3...Bd7} (7... e5 8. d4 Be7 9. O-O O-O 10. Rd1 Qc7 11. h3 Bb7 12. d5 g6 13. Bg5 Rfe8 14. g4 h5 15. Nh2 Nxd5 16. exd5 Bxg5 17. gxh5 Nf6 18. hxg6 fxg6 19. Bxg6 {0-1 (26) Najer,E (2679)-Lu,S (2627) Doha 2016}) 8. d4 cxd4 9. cxd4 {LiveBook: 5 Games} Rc8 {White has an edge.} 10. Nc3 $146 ({Predecessor:} 10. O-O e6 11. a3 Rxc2 12. Qxc2 Bxe4 13. Qe2 Be7 14. Nc3 Bb7 15. Re1 {1-0 (40) Schmittdiel,E (2449)-Dann,M (2482) Dortmund 2016}) 10... b4 11. Nd1 Rxc2 12. Qxc2 Bxe4 13. Qe2 Qa8 14. Bd2 Qb7 15. a3 b3 16. Rc1 e6 17. Qc4 Bc2 (17... Be7 $142) 18. Ne3 $16 Nb6 19. Qe2 Be4 20. O-O ({White should play} 20. Ba5 $1 $16) 20... Be7 $14 21. Ba5 O-O 22. Rc3 Nbd5 23. Nxd5 Qxd5 24. Bb6 Qb7 ({Better is} 24... Qf5 $15 25. Re3 (25. Rxb3 Nd5 $15) 25... Bc6) 25. Ba5 $1 Qd5 26. Bc7 Qf5 {Hoping for ...Nd5.} 27. Nd2 (27. Rxb3 $11 Nd5 28. Re1) 27... Ba8 (27... Bxg2 {feels hotter.} 28. Kxg2 Nd5 29. Qc4 Nxc3 30. Qxc3 Rc8) 28. Qd3 {Black must now prevent Qxf5.} Qxd3 29. Rxd3 Nd5 30. Ba5 Nf4 $1 $40 {[%csl LRd3,LRg2][%mdl 128] Black is up to no good.} 31. Rxb3 Bxg2 32. Re1 Bd5 33. Rc3 f5 {[%mdl 1024] Black has compensation.} 34. Kf1 Rf6 35. Rc8+ {[#]} (35. Bb4 $11) 35... Kf7 $1 $19 {...Bg2+ is the strong threat.} 36. Re3 Rh6 37. Nf3 g5 {[%cal Bg7g5,Bg5g4][%mdl 32] aiming for ...g4.} 38. Bd8 {[#]} (38. Kg1 {is a better defense.}) 38... Bxd8 $1 39. Rxd8 g4 40. Ng1 $2 (40. Ng5+ Ke7 41. Rh8) 40... Rxh2 41. Rc3 {If White can now play Rc7+ this consolidates a bit.} Bg2+ 42. Ke1 Rh1 43. Rc7+ Kf6 44. Rf8+ Kg5 45. Rg8+ Kh6 46. Rgg7 Rxg1+ 47. Kd2 Nd5 48. Rxh7+ Kg5 49. Rc1 Rxc1 50. Kxc1 Kf4 51. Kd2 Kf3 52. Ke1 Nf4 53. b4 Nd3+ 54. Kd2 Nxf2 55. a4 Bf1 56. b5 axb5 {[%cal Ba6b5,Bb5b4][%mdl 32]} 57. a5 b4 {Precision: White = 46%, Black = 77%.} 0-1

[Event "EICC 2017"]
[Site "Minsk"]
[Date "2017.06.08"]
[Round "9"]
[White "Neverov, Valeriy"]
[Black "Gabuzyan, Hovhannes"]
[Result "1/2-1/2"]
[WhiteElo "2472"]
[BlackElo "2570"]
[Annotator "TA"]
[PlyCount "135"]
[EventDate "2017.??.??"]
[EventCountry "BLR"]
[SourceTitle "playchess.com"]
[Source "ChessBase"]
[SourceQuality "1"]

{[%evp 15,135,39,44,41,63,91,94,86,97,98,93,64,68,65,64,67,74,77,73,70,68,66,74,13,6,5,14,9,45,22,37,40,34,35,33,10,38,40,35,34,34,23,42,24,8,10,0,0,0,0,0,0,8,8,8,8,10,10,13,10,15,8,63,59,132,131,364,100,102,102,102,102,102,102,95,102,128,83,102,91,128,64,102,64,64,29,29,29,90,90,90,90,97,65,98,99,142,116,141,118,98,46,46,51,48,41,45,8,8,0,8,8,8,0,0,0,8,-8,-8,-12,-12,-12]} 1. d4 Nf6 2. c4 d6 3. Nc3 Nbd7 4. e4 e5 5. Nf3 Be7 6. g3 {A55: Old Indian Defence with Nf3 and e4} a6 7. Bg2 b5 8. O-O O-O {LiveBook: 3 Games} 9. Qe2 Bb7 $146 ({Predecessor:} 9... c6 10. Rd1 Qc7 11. a3 bxc4 12. Qxc4 Nb6 13. Qe2 a5 14. Qc2 Be6 15. dxe5 dxe5 16. Bg5 Qb8 17. Nh4 {½-½ (17) Popov,V (2580)-Andreikin,D (2555) St Petersburg 2007}) 10. Rd1 ({Much weaker is} 10. cxb5 $6 axb5 11. b4 c6 $11) 10... b4 11. Nd5 Nxd5 12. cxd5 a5 13. dxe5 dxe5 14. Be3 Bd6 15. Rac1 Qe7 16. Nd2 Ba6 17. Qe1 Nb6 18. Bf1 Bc8 19. Nc4 (19. Bd3 $16) 19... Nxc4 $11 20. Rxc4 Bd7 21. Rdc1 Rfc8 22. Qd1 Bb5 23. R4c2 Ba4 24. b3 Bd7 25. Be2 g6 26. Bg4 f5 27. exf5 gxf5 28. Bh3 Rf8 29. Qh5 Qf7 30. Qxf7+ Kxf7 31. Rc4 Kg6 32. f4 e4 33. Rxe4 a4 34. Rec4 axb3 35. axb3 Ra3 36. Bc5 Rxb3 37. Bxd6 cxd6 38. Rc7 Rf7 ({Black should play} 38... Bb5 $11) 39. Rb7 $36 {[%mdl 2048] White has some pressure.} Rd3 ({Better is} 39... Rc3 $14 40. Rxc3 bxc3) 40. Bf1 $1 $16 {[%cal Rf1d3]} ({Don't take} 40. Rxb4 Rxd5 41. Bf1 Kf6 $14) 40... Rd4 $2 (40... Rc3 $16 41. Rb1 b3 42. R7xb3 Rc5) 41. Rb1 $2 (41. Rcc7 $18 {and the rest is easy.}) 41... Be6 42. R7xb4 Rxb4 43. Rxb4 Bxd5 {[%mdl 4096] Endgame KRB-KRB} 44. Rd4 Be4 45. Rxd6+ Rf6 46. Rd2 Rc6 47. Be2 Rc2 48. Rd6+ (48. Rxc2 $16 Bxc2 49. Kf2) 48... Kf7 49. Kf2 Ke7 50. Rd4 Ra2 51. Rd1 Ke6 (51... h5 $11 {remains equal.}) 52. Ke3 Ra3+ 53. Kd4 Kf6 54. Bc4 Ra8 {White must now prevent ...Rd8+.} 55. Kc3 Ke7 56. g4 h6 {[#]} 57. h4 $1 Ra3+ {[#]} 58. Bb3 (58. Kd4 $1 $16) 58... fxg4 $14 59. Re1 Kf6 60. Rxe4 {Strongly threatening Re8. KRB-KR} Kf5 61. Re8 Kxf4 {The position is equal.} 62. h5 g3 63. Rf8+ Ke3 64. Re8+ (64. Kb4 $5 {[%cal Rb4a3]} Ra1 65. Bd5 $14) 64... Kf2 {aiming for ...g2.} 65. Rf8+ Kg1 66. Rf6 {Black should prevent Kb4.} (66. Kb4 $5 {[%cal Rb4a3]} Ra1 67. Bd5 $14) 66... Kh2 {Threatens to win with ...g2.} 67. Rxh6 g2 68. Rg6 {Precision: White = 57%, Black = 51%.} 1/2-1/2

[Event "EICC 2017"]
[Site "Minsk"]
[Date "2017.06.08"]
[Round "9"]
[White "Sarana, Alexey"]
[Black "Pantsulaia, Levan"]
[Result "1-0"]
[WhiteElo "2472"]
[BlackElo "2594"]
[Annotator "TA"]
[PlyCount "85"]
[EventDate "2017.??.??"]
[EventCountry "BLR"]
[SourceTitle "playchess.com"]
[Source "ChessBase"]
[SourceQuality "1"]

{[%evp 23,85,84,91,97,120,77,103,91,129,110,227,219,242,125,120,61,53,77,150,136,125,111,118,122,111,95,146,154,143,51,67,0,0,1,95,128,97,0,72,85,58,58,123,123,123,123,123,123,123,123,123,123,1802,177,1827,1597,899,738,29987,29988,29990,29991,29993,29994]} 1. d4 Nf6 2. c4 c5 3. d5 e6 4. Nc3 exd5 5. cxd5 d6 6. e4 g6 7. Bd3 Bg7 8. h3 O-O 9. Nf3 Re8 10. O-O Na6 11. Re1 Nc7 12. a4 a6 {LiveBook: 10 Games} 13. Bg5 {A70: Modern Benoni: 6 e4 g6 7 Nf3} (13. Bf4 Rb8 14. Qd2 b5 15. axb5 axb5 16. e5 dxe5 17. Nxe5 Bb7 18. Nc6 Bxc6 19. dxc6 c4 20. Rxe8+ Nfxe8 {½-½ (34) Javakhishvili,L (2486)-Pantsulaia,L (2598) Tbilisi 2016}) 13... h6 14. Be3 $146 ({Predecessor:} 14. Bf4 g5 15. Bxd6 Qxd6 16. e5 Qf8 17. exf6 Rxe1+ 18. Qxe1 Bxf6 19. Qe4 Qg7 20. d6 Bxc3 21. bxc3 {1-0 (40) Dancevski,O (2364)-Mitkovski,Z (2149) Struga 2014}) 14... Rb8 15. Qd2 {White is better.} Kh7 16. Bf4 Nh5 (16... b5 $16 {keeps fighting.}) 17. Bh2 $1 $18 b5 18. axb5 (18. e5 $1 $18) 18... Nxb5 $16 19. e5 (19. Nxb5 $16 axb5 20. e5) 19... Nd4 $14 {White must now prevent ...Nxf3+.} 20. Qd1 {g4 is the strong threat.} (20. Bxa6 Nxf3+ 21. gxf3 Bxe5 $15) 20... Rxb2 ({Black should play} 20... f5) 21. Nxd4 $1 $16 cxd4 22. Na4 Rb4 {[%cal Rd6e5]} 23. exd6 Nf6 24. Nc5 Rxe1+ (24... Bf8 $142) 25. Qxe1 Nxd5 26. Qe4 (26. Bxa6 $6 d3 $11) (26. Rc1 $16) 26... Nf6 $1 $14 {[%cal Rf6e4]} 27. Qa8 ({Better is} 27. Qe7 $14 Qxe7 28. dxe7) 27... Nd7 $11 28. Rc1 {aiming for Nxd7.} (28. Bxa6 d3 $17) 28... Nb6 (28... Rb8 $1 $11 29. Qd5 Nxc5 30. Qxc5 Be6) 29. Qf3 Qf6 {Threatening ...Qxf3.} 30. Nxa6 (30. Qc6 $16) 30... Rb2 (30... Qxf3 $11 {remains equal.} 31. gxf3 Rb3) 31. Qxf6 $16 Bxf6 32. Nc5 Bg5 ({Black should try} 32... Kg7 $14) 33. Ra1 Nd7 34. Nxd7 $1 Bxd7 {[#]} 35. Be5 $1 {And now Ra7 would win.} Rd2 36. Bc4 d3 {[#]} 37. Ra7 $1 {[%cal Ra7d7]} ({Reject} 37. Bxf7 $6 Re2 $11) 37... Rd1+ (37... Re2 $16) 38. Kh2 $18 Rc1 $2 (38... Re1) 39. Bxf7 Rc5 40. Bd4 ({Weaker is} 40. Rxd7 Rxe5 41. h4 (41. Bc4+ Kh8 $18) 41... Bxh4 $18) 40... Bf4+ 41. g3 {White mates.} Bxg3+ 42. Kxg3 Rg5+ 43. Kh2 {Precision: White = 58%, Black = 33%.} 1-0

[Event "EICC 2017"]
[Site "Minsk"]
[Date "2017.06.08"]
[Round "9"]
[White "Galliamova, Alisa"]
[Black "Kryakvin, Dmitry"]
[Result "0-1"]
[WhiteElo "2456"]
[BlackElo "2560"]
[Annotator "TA"]
[PlyCount "88"]
[EventDate "2017.??.??"]
[EventCountry "BLR"]
[SourceTitle "playchess.com"]
[Source "ChessBase"]
[SourceQuality "1"]

{[%evp 19,88,0,16,25,69,45,39,-162,-172,-170,-173,-167,-137,-145,-139,-141,-99,-134,-142,-140,-95,-91,-83,-63,-41,-41,-54,-70,-71,-59,-43,-46,-37,-69,-29,-27,0,0,0,-139,-148,-565,-556,-547,-510,-694,-662,-924,-895,-1665,-1637,-1617,-1552,-29987,-1117,-960,-777,-5001,-2149,-12838,-12838,-29988,-29989,-29991,-29992,-29992,-12839,-29995,-12839,-12840,-12839]} 1. d4 Nf6 2. Nf3 e6 3. c4 c5 4. g3 cxd4 5. Nxd4 d5 6. Bg2 e5 7. Nb3 d4 8. O-O Nc6 {E01: Catalan: Early deviations} 9. f4 e4 10. f5 a5 {LiveBook: 8 Games. The position is equal.} 11. a4 (11. e3 g6 12. fxg6 hxg6 13. exd4 a4 14. Bg5 Be7 15. Nc5 Bg4 16. Qd2 Nxd4 17. Nxb7 {0-1 (45) Vidit,S (2651)-Bacrot,E (2697) Berlin 2015}) 11... Qb6 $146 ({Predecessor:} 11... Bb4 12. Bg5 Qe7 13. N1d2 Bxd2 14. Nxd2 e3 15. Nb3 O-O 16. Nxd4 {1-0 (33) Saydaliev,S (2011)-Parvanyan,A (1789) Al Ain 2013}) 12. N1d2 d3+ {[#]} 13. Kh1 $2 (13. e3 $1 $14 {[%mdl 512] was the only good move.}) 13... e3 $19 14. exd3 exd2 15. Bxd2 Be7 16. Bc3 O-O 17. d4 Bb4 18. d5 {And now Bxf6 would win.} Bxc3 19. bxc3 {[%cal Bb2c3,Bc3c4][%mdl 32]} Ne7 20. g4 h6 21. c5 Qd8 {[%cal Re7d5]} 22. c4 $1 Bd7 23. Qd4 Re8 24. h3 Kh8 25. Rf2 Neg8 26. Qf4 Rb8 27. Rb2 Qc8 28. Nxa5 Qxc5 29. Nxb7 (29. Rxb7 $11 Rbc8 30. Nb3 Qxc4 31. Qxc4 Rxc4 32. a5) 29... Qa7 $1 $17 {[%csl LRa4,LRb7]} 30. d6 $2 {[%mdl 8192] [#]} (30. Rab1 $17 Bc8 31. Nd6 Rxb2 32. Rxb2 Re1+ 33. Bf1) 30... Ne4 $1 $19 {[%mdl 512]} 31. Rab1 (31. Bxe4 Qd4) 31... Ngf6 32. Rb6 {If White can now play a5 this consolidates a bit.} Bc8 33. Bxe4 Rxe4 34. d7 Rxf4 35. d8=Q+ Kh7 36. Nd6 Rxb6 (36... Qa8+ $142 37. Kg1 Qf3 38. Qh8+ Kxh8 39. Kh2 Rxg4 $1 {[%mdl 512]} 40. Nxf7+ Kh7 41. Ng5+ Rxg5 42. R6b2 Bxf5 $1 {[%mdl 512]} 43. Rxb8 Qxh3#) 37. Qxb6 Qa8+ 38. Nb7 Qxa4 39. Nd6 Qa3 40. Rb3 Qc1+ 41. Kg2 Bb7+ 42. Kg3 Rf1 (42... Qf1 $142 43. Ne8 Nxe8 44. Qe3 Rf3+ 45. Qxf3 Bxf3 46. Rxf3 Qg1+ 47. Kf4 Nd6 48. h4 Nxc4 49. Rd3 Qf2+ 50. Ke4 Qxh4 51. Rc3 Qxg4+ 52. Kd3 Ne5+ 53. Kd2 Qxf5 54. Rb3 Qe4 55. Rc3 Nc4+ 56. Kc1 g5 57. Kd1 f5 58. Kc1 Qe1+ 59. Kc2 Qd2+ 60. Kb3 Na5+ 61. Kb4 f4 62. Kxa5 Qxc3+ 63. Ka6 f3 64. Kb7 f2 65. Ka8 f1=Q 66. Kb8 Qb5+ 67. Ka8 Qca5#) 43. Qxb7 {[#]} Qe1+ (43... Nh5+ $142 $1 {[%mdl 512]} 44. Kg2 (44. gxh5 Qg5+) 44... Nf4+ 45. Kg3 Qe1+ 46. Kh2 Qf2+ 47. Qg2 Qxg2#) 44. Kh2 Qe5+ {Precision: White = 30%, Black = 56%.} 0-1